[Event "Piacenza Ruscitti Memorial 2nd"]
[Site "Piacenza"]
[Date "2023.11.18"]
[Round "1"]
[White "Cebanu, Alice"]
[Black "Tencati, Giuseppe"]
[Result "0-1"]
[WhiteElo "1386"]
[BlackElo "2052"]
[PlyCount "68"]
[EventDate "2023.11.18"]
[EventType "swiss"]
[EventRounds "5"]
[EventCountry "ITA"]
[SourceTitle "CB48_2023"]
[SourceDate "2023.11.29"]
[SourceVersion "1"]
[SourceVersionDate "2023.11.29"]
[SourceQuality "1"]

1. e4 c6 2. Nf3 d5 3. Nc3 Bg4 4. h3 Bxf3 5. Qxf3 e6 6. d3 Nd7 7. g3 Bb4 8. Bd2 Qf6 9. Qxf6 Ngxf6 10. Bg2 0-0 11. a3 Ba5 12. b4 Bc7 13. 0-0 a6 14. d4 Nb6 15. exd5 cxd5 16. Nd1 Rac8 17. Ne3 Bd6 18. Rac1 Nc4 19. Nxc4 Rxc4 20. c3 Nd7 21. Rfe1 Rfc8 22. Bf1 R4c7 23. Rc2 Nb6 24. Rec1 Nc4 25. Bxc4 Rxc4 26. Rb2 f6 27. f4 e5 28. fxe5 fxe5 29. Kg2 exd4 30. Rb3 b5 31. g4 Re8 32. Kf2 d3 33. Be3 Rce4 34. Re1 Bf4 0-1

[Event "Treviso Master op 4th"]
[Site "Treviso"]
[Date "2023.04.01"]
[Round "2"]
[White "De Ieso, Lorenzo"]
[Black "Tencati, Giuseppe"]
[Result "1-0"]
[WhiteElo "1968"]
[BlackElo "2026"]
[PlyCount "97"]
[EventDate "2023.03.31"]
[EventType "swiss"]
[EventRounds "5"]
[EventCountry "ITA"]
[SourceTitle "EXT 2024"]
[Source "ChessBase"]
[SourceDate "2023.10.10"]
[SourceVersion "1"]
[SourceVersionDate "2023.10.10"]
[SourceQuality "1"]

1. d4 Nf6 2. c4 g6 3. f3 d5 4. cxd5 Nxd5 5. e4 Nb6 6. Nc3 Bg7 7. Be3 e5 8. d5 c6 9. Qd2 cxd5 10. exd5 N8d7 11. 0-0-0 Nf6 12. Kb1 0-0 13. h4 Re8 14. Bg5 Bd7 15. g4 Na4 16. Nxa4 Bxa4 17. b3 Bd7 18. Bd3 Qb6 19. h5 e4 20. Bc4 exf3 21. hxg6 hxg6 22. Qh2 Bxg4 23. d6 Bf5+ 24. Kc1 Qb4 25. Bxf6 Qa3+ 26. Bb2 Qxb2+ 27. Qxb2 Bxb2+ 28. Kxb2 Bg4 29. Rd4 Bh5 30. Rf4 Rf8 31. Nxf3 Rad8 32. Ng5 Rxd6 33. Nxf7 Kg7 34. Nxd6 Rxf4 35. Re1 g5 36. Re7+ Kh6 37. Nf7+ Bxf7 38. Rxf7 Rd4 39. Kc3 Rd6 40. Rxb7 g4 41. Rb8 Kg5 42. Ra8 Kf4 43. Rxa7 Rg6 44. Bd5 g3 45. Re7 Rg5 46. Kc4 Rh5 47. a4 Rh2 48. a5 Kf5 49. a6 1-0

[Event "Lignano Bella Italia op 1st"]
[Site "Lignano Sabbiadoro"]
[Date "2022.08.20"]
[Round "6"]
[White "Zuttioni, Federico"]
[Black "Tencati, Giuseppe"]
[Result "1-0"]
[WhiteElo "2161"]
[BlackElo "2055"]
[PlyCount "67"]
[EventDate "2022.08.18"]
[EventType "swiss"]
[EventRounds "9"]
[EventCountry "ITA"]
[SourceTitle "CBM 210 Extra"]
[Source "ChessBase"]
[SourceDate "2022.11.30"]
[SourceVersion "1"]
[SourceVersionDate "2022.11.30"]
[SourceQuality "1"]

1. e4 c6 2. d4 d5 3. e5 Bf5 4. Nf3 e6 5. Be2 c5 6. Be3 Qb6 7. Nc3 Nc6 8. dxc5 Bxc5 9. Bxc5 Qxc5 10. Nb5 Kf8 11. c3 Nge7 12. 0-0 Bg4 13. Nfd4 Nxd4 14. Nxd4 Bxe2 15. Qxe2 Nc6 16. Rad1 g6 17. Qe3 Kg8 18. Rfe1 h6 19. Nxc6 Qxc6 20. Rd4 Qc5 21. c4 Rd8 22. Red1 Kg7 23. Qf4 Qe7 24. h3 Qg5 25. Qxg5 hxg5 26. cxd5 exd5 27. Rxd5 Rxd5 28. Rxd5 Rc8 29. Rd7 Rc1+ 30. Kh2 Rc2 31. Rxb7 Rxf2 32. e6 Re2 33. Rxf7+ Kg8 34. Rxa7 1-0

[Event "Lignano Bella Italia op 1st"]
[Site "Lignano Sabbiadoro"]
[Date "2022.08.18"]
[Round "3"]
[White "Tencati, Giuseppe"]
[Black "Gelle, Istvan"]
[Result "1-0"]
[WhiteElo "2055"]
[BlackElo "2218"]
[PlyCount "105"]
[EventDate "2022.08.18"]
[EventType "swiss"]
[EventRounds "9"]
[EventCountry "ITA"]
[SourceTitle "CBM 210 Extra"]
[Source "ChessBase"]
[SourceDate "2022.11.30"]
[SourceVersion "1"]
[SourceVersionDate "2022.11.30"]
[SourceQuality "1"]

1. d4 d5 2. c4 c6 3. Nc3 Nf6 4. e3 a6 5. Nf3 Bf5 6. Qb3 Ra7 7. Nh4 Be6 8. c5 g6 9. Bd3 Ne4 10. Qc2 f5 11. f4 Bg7 12. Nf3 0-0 13. Bd2 Nd7 14. Na4 a5 15. 0-0 Kh8 16. Rab1 Bg8 17. Be1 Bf6 18. Bh4 h6 19. Bxf6+ exf6 20. g3 Bh7 21. Rbe1 Ra8 22. Nd2 Qc7 23. Be2 Rfe8 24. Bf3 Re7 25. Re2 Rae8 26. Rfe1 Kg7 27. Kg2 g5 28. Kg1 Bg6 29. Nxe4 fxe4 30. Bg4 f5 31. Bh3 Rf8 32. Rf2 Rf6 33. Qd1 Ref7 34. Ref1 b5 35. cxb6 Nxb6 36. Nxb6 Qxb6 37. Qc2 Bh5 38. fxg5 hxg5 39. Rxf5 Rxf5 40. Rxf5 Rxf5 41. Bxf5 Be8 42. Bg4 Qb4 43. Qc3 Qb5 44. Qd2 c5 45. dxc5 Qxc5 46. Qc3+ Qxc3 47. bxc3 Kf6 48. Kf2 Bb5 49. Be2 Bd7 50. h4 g4 51. Ke1 Kf5 52. Kd2 Ba4 53. c4 1-0

[Event "Cattolica Vergani Cup"]
[Site "Cattolica"]
[Date "2021.12.27"]
[Round "3"]
[White "Tencati, Giuseppe"]
[Black "Makkar, Rajat"]
[Result "0-1"]
[WhiteElo "2109"]
[BlackElo "2260"]
[PlyCount "56"]
[EventDate "2021.12.26"]
[EventType "swiss"]
[EventRounds "9"]
[EventCountry "ITA"]
[SourceTitle "CBM 206 Extra"]
[Source "ChessBase"]
[SourceDate "2022.03.31"]
[SourceVersion "1"]
[SourceVersionDate "2022.03.31"]
[SourceQuality "1"]

1. d4 Nf6 2. c4 e6 3. Nc3 Bb4 4. Qc2 0-0 5. Nf3 d5 6. cxd5 exd5 7. Bg5 c5 8. e3 c4 9. a3 Bxc3+ 10. bxc3 h6 11. Bh4 g5 12. Bg3 Nc6 13. Be2 Re8 14. Nd2 b5 15. Qb1 Bd7 16. 0-0 Qe7 17. Bd1 a5 18. Bc2 b4 19. axb4 axb4 20. cxb4 Nxb4 21. Rxa8 Rxa8 22. Bf5 Bxf5 23. Qxf5 c3 24. Be5 cxd2 25. Bxf6 Qe4 26. Qxe4 dxe4 27. d5 Rc8 28. Bb2 Nd3 0-1

[Event "Imola Ferrari Cup 1st"]
[Site "Imola"]
[Date "2021.12.05"]
[Round "5"]
[White "Stromboli, Carlo"]
[Black "Tencati, Giuseppe"]
[Result "1/2-1/2"]
[WhiteElo "2243"]
[BlackElo "2109"]
[PlyCount "111"]
[EventDate "2021.12.03"]
[EventType "swiss"]
[EventRounds "5"]
[EventCountry "ITA"]
[SourceTitle "EXT 2023"]
[Source "ChessBase"]
[SourceDate "2022.10.05"]
[SourceVersion "1"]
[SourceVersionDate "2022.10.05"]
[SourceQuality "1"]

1. e4 c6 2. d4 d5 3. Nc3 dxe4 4. Nxe4 Nf6 5. Nxf6+ exf6 6. Bc4 Na6 7. Bxa6 Qa5+ 8. Bd2 Qxa6 9. Qe2+ Qxe2+ 10. Nxe2 Be6 11. a3 0-0-0 12. 0-0-0 Bd6 13. Nf4 Bxf4 14. Bxf4 Rhe8 15. Rhe1 b5 16. b3 Bd5 17. f3 Rxe1 18. Rxe1 Be6 19. Be3 Kb7 20. Kb2 h5 21. h4 g6 22. Kc3 a6 23. Kb4 Ra8 24. Kc5 Rd8 25. c4 Rd7 26. Bf4 Rd8 27. Bd6 Rc8 28. Re3 f5 29. a4 Ka7 30. Kb4 Kb7 31. Bc5 a5+ 32. Kc3 bxa4 33. bxa4 Kc7 34. Re5 Rb8 35. d5 cxd5 36. cxd5 Bd7 37. Re7 Rb1 38. Rxf7 Ra1 39. Rf6 Rxa4 40. Rxg6 Rxh4 41. Bb6+ Kb7 42. Bxa5 Ra4 43. Rg7 Rxa5 44. Rxd7+ Kc8 45. Rh7 Rxd5 46. Rxh5 Kd7 47. g4 Ke6 48. Kc4 Ra5 49. Rh6+ Ke5 50. g5 Ra3 51. Rh3 f4 52. g6 Kf6 53. Kd5 Re3 54. g7 Kxg7 55. Rh4 Rxf3 56. Ke4 1/2-1/2

[Event "Innsbruck op 5th"]
[Site "Innsbruck"]
[Date "2021.08.28"]
[Round "9"]
[White "Schnegg, Anna Lena"]
[Black "Tencati, Giuseppe"]
[Result "1/2-1/2"]
[WhiteElo "2223"]
[BlackElo "2102"]
[PlyCount "33"]
[EventDate "2021.08.21"]
[EventType "swiss"]
[EventRounds "9"]
[EventCountry "AUT"]
[SourceTitle "CBM 204 Extra"]
[Source "ChessBase"]
[SourceDate "2021.11.30"]
[SourceVersion "1"]
[SourceVersionDate "2021.11.30"]
[SourceQuality "1"]

1. c4 c6 2. Nf3 d5 3. b3 Bf5 4. g3 Nd7 5. Bb2 Ngf6 6. Bg2 e6 7. 0-0 Bd6 8. d3 Qe7 9. Nbd2 0-0 10. Nh4 Bg6 11. Nxg6 hxg6 12. a3 Rad8 13. b4 a6 14. c5 Bc7 15. Qc2 Rfe8 16. Rab1 e5 17. e4 1/2-1/2

[Event "Innsbruck op 5th"]
[Site "Innsbruck"]
[Date "2021.08.23"]
[Round "4"]
[White "Tencati, Giuseppe"]
[Black "Matt, Fabian"]
[Result "0-1"]
[WhiteElo "2102"]
[BlackElo "2281"]
[PlyCount "132"]
[EventDate "2021.08.21"]
[EventType "swiss"]
[EventRounds "9"]
[EventCountry "AUT"]
[SourceTitle "CBM 204 Extra"]
[Source "ChessBase"]
[SourceDate "2021.11.30"]
[SourceVersion "1"]
[SourceVersionDate "2021.11.30"]
[SourceQuality "1"]

1. d4 d5 2. c4 c6 3. Nc3 Nf6 4. cxd5 cxd5 5. Bf4 Nc6 6. e3 Bf5 7. Qb3 Na5 8. Qa4+ Bd7 9. Qd1 Qb6 10. Qd2 e6 11. Bd3 Bb4 12. Nge2 Rc8 13. f3 0-0 14. 0-0 Nc4 15. Bxc4 Rxc4 16. a3 Be7 17. b3 Rc6 18. Qb2 Nh5 19. Rfc1 Rfc8 20. Kf2 Qa6 21. Be5 f6 22. Bg3 Kf7 23. Rd1 Nxg3 24. hxg3 h6 25. Rd2 b6 26. Rdd1 R6c7 27. Rd2 Qb7 28. Rc1 a5 29. Rdc2 b5 30. Nb1 b4 31. a4 Bd6 32. Rxc7 Rxc7 33. Rxc7 Qxc7 34. g4 e5 35. Qd2 e4 36. Qc1 Qd8 37. Qh1 Be6 38. Nd2 exf3 39. gxf3 Qc7 40. Qh5+ Kf8 41. Qg6 Qc8 42. Nf1 Bf7 43. Qd3 h5 44. gxh5 Bxh5 45. Nfg3 Bf7 46. Qh7 Be6 47. Nh5 Qd7 48. Nhg3 Kf7 49. Nh5 Bf8 50. Nhg3 Bd6 51. Nh5 Kf8 52. Nhg3 Bg8 53. Qg6 Bf7 54. Qh7 g6 55. Qh6+ Ke7 56. Nf4 Qe8 57. Nge2 g5 58. Nd3 Qc8 59. Ne1 Qf5 60. Qh8 Bc7 61. Nc1 Qb1 62. Ncd3 Qa2+ 63. Kf1 Qxb3 64. Qc8 Qc4 65. Qb7 Be6 66. Kf2 Qa2+ 0-1

[Event "Innsbruck op 5th"]
[Site "Innsbruck"]
[Date "2021.08.21"]
[Round "1"]
[White "Fuchs, Florian"]
[Black "Tencati, Giuseppe"]
[Result "1-0"]
[WhiteElo "2328"]
[BlackElo "2102"]
[PlyCount "91"]
[EventDate "2021.08.21"]
[EventType "swiss"]
[EventRounds "9"]
[EventCountry "AUT"]
[SourceTitle "CBM 204 Extra"]
[Source "ChessBase"]
[SourceDate "2021.11.30"]
[SourceVersion "1"]
[SourceVersionDate "2021.11.30"]
[SourceQuality "1"]

1. e4 c6 2. d4 d5 3. Nc3 dxe4 4. Nxe4 Nf6 5. Nxf6+ exf6 6. c3 Bd6 7. Bd3 0-0 8. Qc2 h5 9. Ne2 Re8 10. 0-0 h4 11. h3 Nd7 12. Bf4 Nf8 13. Qd2 Ne6 14. Bxd6 Qxd6 15. f4 Nc7 16. Rf3 f5 17. Re3 Bd7 18. Re5 f6 19. Bc4+ Be6 20. Bxe6+ Rxe6 21. Rxe6 Qxe6 22. Kf2 Re8 23. Ng1 Qd6 24. Nf3 Re4 25. Nxh4 Rxf4+ 26. Nf3 g5 27. Kg1 Qe6 28. h4 Re4 29. hxg5 Re2 30. Qf4 Nd5 31. Qb8+ Kg7 32. gxf6+ Qxf6 33. Qxb7+ Re7 34. Qb8 f4 35. Qc8 Ne3 36. Ne5 Re6 37. Qd7+ Kg8 38. Qc8+ Kg7 39. Qd7+ Kg8 40. Re1 Qf5 41. Qc8+ Kg7 42. Qb7+ Kg8 43. Qd7 Kf8 44. Nc4 Qe4 45. Nxe3 Rg6 46. Qf5+ 1-0

[Event "Verona Primavera op-A 1st"]
[Site "Verona"]
[Date "2021.05.09"]
[Round "5"]
[White "Brotto, Alessandro"]
[Black "Tencati, Giuseppe"]
[Result "1/2-1/2"]
[WhiteElo "2028"]
[BlackElo "2104"]
[PlyCount "120"]
[EventDate "2021.05.07"]
[EventType "swiss"]
[EventRounds "5"]
[EventCountry "ITA"]
[SourceTitle "EXT 2022"]
[Source "ChessBase"]
[SourceDate "2021.10.06"]
[SourceVersion "1"]
[SourceVersionDate "2021.10.06"]
[SourceQuality "1"]

1. e4 c6 2. Nc3 d5 3. Qf3 dxe4 4. Nxe4 Nd7 5. d4 Ndf6 6. c3 Bg4 7. Qg3 Nxe4 8. Qxg4 Ngf6 9. Qf3 e6 10. Bd3 Qd5 11. Ne2 Nd6 12. Qxd5 exd5 13. 0-0 0-0-0 14. a4 h6 15. b4 Nd7 16. Be3 Nb6 17. b5 Nbc4 18. bxc6 bxc6 19. Bf4 Na5 20. Rab1 Kc7 21. Ng3 g6 22. Rfe1 Kd7 23. Be5 Rg8 24. f4 f5 25. Bxd6 Bxd6 26. Ne2 Rb8 27. g3 Rb6 28. Rxb6 axb6 29. Rb1 Bc7 30. Kf2 Nb7 31. c4 dxc4 32. Bxc4 Rd8 33. Ng1 Nd6 34. Bd3 Ra8 35. Nf3 Rxa4 36. Ne5+ Ke6 37. Nxc6 Ra2+ 38. Ke3 Ra3 39. Rc1 Ne4 40. Ke2 Rc3 41. Bc4+ Kf6 42. Rxc3 Nxc3+ 43. Kd3 Ne4 44. Nb4 Ke7 45. Nd5+ Kd6 46. Nxc7 Kxc7 47. Bf7 g5 48. fxg5 hxg5 49. Bg6 Nd6 50. h4 gxh4 51. gxh4 Kd7 52. h5 Ke7 53. h6 Kf6 54. h7 Kg7 55. d5 b5 56. Kc3 f4 57. Kd3 b4 58. Ke2 Nc4 59. Bc2 Ne3 60. Bb3 Nxd5 1/2-1/2

[Event "Verona Primavera op-A 1st"]
[Site "Verona"]
[Date "2021.05.08"]
[Round "2"]
[White "Tencati, Giuseppe"]
[Black "Mazzini, Mauro"]
[Result "1/2-1/2"]
[WhiteElo "2104"]
[BlackElo "2154"]
[PlyCount "63"]
[EventDate "2021.05.07"]
[EventType "swiss"]
[EventRounds "5"]
[EventCountry "ITA"]
[SourceTitle "EXT 2022"]
[Source "ChessBase"]
[SourceDate "2021.10.06"]
[SourceVersion "1"]
[SourceVersionDate "2021.10.06"]
[SourceQuality "1"]

1. e4 c5 2. Nf3 d6 3. d4 cxd4 4. Nxd4 Nf6 5. Nc3 a6 6. h3 h6 7. g4 g5 8. Bg2 e6 9. Be3 Nbd7 10. Qe2 Qc7 11. 0-0-0 Be7 12. Kb1 Rg8 13. Rhe1 Ne5 14. Bc1 Ng6 15. Bh1 Bd7 16. Qf3 0-0-0 17. Qg3 Kb8 18. Nde2 e5 19. Qd3 Rc8 20. Ng3 Nh4 21. Re2 Be6 22. Red2 Ng6 23. Nf5 Nf4 24. Qe3 Bxf5 25. exf5 h5 26. Ne4 Nxe4 27. Bxe4 d5 28. Bd3 Nxd3 29. Rxd3 Qxc2+ 30. Ka1 f6 31. Qd2 hxg4 32. hxg4 1/2-1/2

[Event "Bruges Masters"]
[Site "Bruges"]
[Date "2019.08.15"]
[Round "9"]
[White "Goudriaan, Etienne"]
[Black "Tencati, Giuseppe"]
[Result "1-0"]
[WhiteElo "2341"]
[BlackElo "2101"]
[PlyCount "33"]
[EventDate "2019.08.11"]
[EventType "swiss"]
[EventRounds "9"]
[EventCountry "BEL"]
[SourceTitle "CBM 191 Extra"]
[Source "ChessBase"]
[SourceDate "2019.09.30"]
[SourceVersion "1"]
[SourceVersionDate "2019.09.30"]
[SourceQuality "1"]

1. d4 Nf6 2. c4 g6 3. Nc3 d5 4. cxd5 Nxd5 5. Bd2 Nb6 6. e3 Bg7 7. f4 N6d7 8. Nf3 c5 9. d5 0-0 10. e4 Nf6 11. Bc4 e6 12. d6 e5 13. fxe5 Ng4 14. Bg5 Qa5 15. Be7 Nxe5 16. Nxe5 Bxe5 17. 0-0 1-0

[Event "Bruges Masters"]
[Site "Bruges"]
[Date "2019.08.14"]
[Round "7"]
[White "Douriet Duany, Alexis"]
[Black "Tencati, Giuseppe"]
[Result "1/2-1/2"]
[WhiteElo "2216"]
[BlackElo "2101"]
[PlyCount "155"]
[EventDate "2019.08.11"]
[EventType "swiss"]
[EventRounds "9"]
[EventCountry "BEL"]
[SourceTitle "CBM 191 Extra"]
[Source "ChessBase"]
[SourceDate "2019.09.30"]
[SourceVersion "1"]
[SourceVersionDate "2019.09.30"]
[SourceQuality "1"]

1. d4 Nf6 2. Nf3 d5 3. c4 c6 4. g3 g6 5. Bg2 Bg7 6. 0-0 0-0 7. Ne5 Nfd7 8. Nxd7 Nxd7 9. cxd5 cxd5 10. Nc3 Nb6 11. a4 e6 12. b3 Bd7 13. Ba3 Re8 14. Rc1 a5 15. e3 Nc8 16. Qd2 Na7 17. Rc2 Rc8 18. Rfc1 Bf8 19. Bxf8 Rxf8 20. Bf1 Qb6 21. Bd3 Qb4 22. Kg2 Rc7 23. Qd1 Rcc8 24. Ne2 Rxc2 25. Qxc2 Rc8 26. Qb1 Rxc1 27. Nxc1 b5 28. axb5 Bxb5 29. Qc2 a4 30. bxa4 Qxa4 31. Qc7 Qa3 32. Bxb5 Nxb5 33. Qb8+ Kg7 34. Ne2 Nd6 35. Nf4 Ne4 36. Qe5+ Kg8 37. Nxe6 fxe6 38. Qxe6+ Kg7 39. Qxd5 Qe7 40. Qe5+ Qxe5 41. dxe5 Kf7 42. f3 Nc5 43. f4 h5 44. g4 hxg4 45. Kg3 Ne4+ 46. Kxg4 Ke6 47. h4 Nf2+ 48. Kg5 Kf7 49. h5 Ne4+ 50. Kh6 gxh5 51. Kxh5 Ke6 52. Kg6 Ng3 53. Kg5 Ne4+ 54. Kg4 Nf2+ 55. Kf3 Nd3 56. Ke2 Nxe5 57. fxe5 Kxe5 58. Kd2 Ke4 59. Ke2 Ke5 60. Kf3 Kf5 61. e4+ Ke5 62. Ke3 Ke6 63. Ke2 Ke5 64. Kd3 Ke6 65. Kd4 Kd6 66. e5+ Ke6 67. Ke4 Ke7 68. Kd3 Ke6 69. Kd4 Ke7 70. Kd5 Kd7 71. Kc5 Ke6 72. Kd4 Ke7 73. Kd5 Kd7 74. e6+ Ke7 75. Ke5 Ke8 76. Kd6 Kd8 77. e7+ Ke8 78. Ke6 1/2-1/2

[Event "Chigorin Memorial 26th"]
[Site "St Petersburg"]
[Date "2018.11.04"]
[Round "9"]
[White "Tencati, Giuseppe"]
[Black "Dushin, Nikolay"]
[Result "1-0"]
[WhiteElo "2095"]
[BlackElo "1881"]
[PlyCount "99"]
[EventDate "2018.10.27"]
[EventType "swiss"]
[EventRounds "9"]
[EventCountry "RUS"]
[SourceTitle "CBM 187 Extra"]
[Source "ChessBase"]
[SourceDate "2018.11.04"]
[SourceVersion "1"]
[SourceVersionDate "2018.11.04"]
[SourceQuality "1"]

1. e4 g6 2. d4 Bg7 3. c4 d6 4. Nf3 Bg4 5. Be2 Bxf3 6. Bxf3 Nc6 7. Be3 e5 8. d5 Nd4 9. Be2 Ne7 10. Nc3 c5 11. Rb1 0-0 12. a3 f5 13. f3 Bf6 14. 0-0 Rf7 15. f4 exf4 16. Bxf4 g5 17. Bd2 f4 18. Bg4 Rg7 19. Ne2 Ng6 20. Kh1 Nxe2 21. Qxe2 Bd4 22. g3 Be5 23. Kg2 Qf6 24. b4 b6 25. bxc5 dxc5 26. Bf5 Rf8 27. Rb3 Qd6 28. a4 Kh8 29. Qh5 Ne7 30. g4 Ng8 31. Qh3 Rf6 32. Qf3 Ne7 33. Bc3 Rh6 34. h3 Nxf5 35. exf5 Re7 36. Re1 Kg8 37. Rbb1 Kf7 38. Bd2 Qc7 39. Re4 Rd6 40. Rbe1 Bf6 41. Re6 Rexe6 42. fxe6+ Ke8 43. Qe4 Qe7 44. h4 Rd8 45. hxg5 Bxg5 46. Bxf4 Bxf4 47. Qxf4 Rd6 48. Rf1 Kd8 49. Qf8+ Qxf8 50. Rxf8+ 1-0

[Event "Chigorin Memorial 26th"]
[Site "St Petersburg"]
[Date "2018.11.02"]
[Round "7"]
[White "Tencati, Giuseppe"]
[Black "Kotlyar, Kirill"]
[Result "0-1"]
[WhiteElo "2095"]
[BlackElo "2390"]
[PlyCount "108"]
[EventDate "2018.10.27"]
[EventType "swiss"]
[EventRounds "9"]
[EventCountry "RUS"]
[SourceTitle "CBM 187 Extra"]
[Source "ChessBase"]
[SourceDate "2018.11.04"]
[SourceVersion "1"]
[SourceVersionDate "2018.11.04"]
[SourceQuality "1"]

1. d4 Nf6 2. c4 e6 3. Nc3 d5 4. cxd5 Nxd5 5. e4 Nxc3 6. bxc3 c5 7. Nf3 cxd4 8. cxd4 Bb4+ 9. Bd2 Bxd2+ 10. Qxd2 0-0 11. Bc4 b6 12. 0-0 Bb7 13. Qe3 Nd7 14. Rfd1 Rc8 15. Rac1 Nf6 16. Bd3 Qe7 17. Bb1 Rfd8 18. a3 h6 19. Ne5 Rxc1 20. Rxc1 Qd6 21. Nf3 Ng4 22. Qd3 e5 23. d5 Nf6 24. Nd2 Nd7 25. f3 g6 26. Qb3 Rc8 27. Rxc8+ Bxc8 28. Qc3 Ba6 29. Kf2 h5 30. Bc2 Nc5 31. g3 h4 32. Kg2 Qe7 33. Qe3 Bb5 34. Bd1 Nd7 35. f4 hxg3 36. hxg3 Nf6 37. Qc3 exf4 38. Bf3 fxg3 39. d6 Qe6 40. Qd4 Nd7 41. Kxg3 Qe5+ 42. Qxe5 Nxe5 43. Kf4 f6 44. Bd1 Kf7 45. Bb3+ Ke8 46. Be6 Bd7 47. Bd5 g5+ 48. Ke3 Bc8 49. Nb3 Kd7 50. Nd4 Kxd6 51. Nb5+ Kc5 52. Nxa7 Bd7 53. Bb7 Nc4+ 54. Kd3 Nd6 0-1

[Event "Chigorin Memorial 26th"]
[Site "St Petersburg"]
[Date "2018.10.31"]
[Round "5"]
[White "Tencati, Giuseppe"]
[Black "Kiselev, Pavel"]
[Result "1-0"]
[WhiteElo "2095"]
[BlackElo "2278"]
[PlyCount "117"]
[EventDate "2018.10.27"]
[EventType "swiss"]
[EventRounds "9"]
[EventCountry "RUS"]
[SourceTitle "CBM 187 Extra"]
[Source "ChessBase"]
[SourceDate "2018.11.04"]
[SourceVersion "1"]
[SourceVersionDate "2018.11.04"]
[SourceQuality "1"]

1. e4 c5 2. Nf3 e6 3. d4 cxd4 4. Nxd4 Nc6 5. Nc3 Qc7 6. g3 a6 7. Bg2 Nf6 8. 0-0 Be7 9. Re1 d6 10. Nxc6 bxc6 11. e5 dxe5 12. Rxe5 Bb7 13. Bf4 Bd6 14. Rxe6+ fxe6 15. Bxd6 Qd7 16. Qd4 0-0-0 17. Rd1 Ne8 18. Ne4 Nxd6 19. Nxd6+ Kb8 20. c4 h5 21. c5 h4 22. Rd3 Ka8 23. Rb3 Rb8 24. Qa4 Ka7 25. Rxb7+ Rxb7 26. Bxc6 Rb4 27. Bxd7 Rxa4 28. Bxa4 h3 29. b4 Rh5 30. f4 Rd5 31. Bb3 Rd4 32. b5 Rd2 33. b6+ Kb8 34. Bxe6 Rg2+ 35. Kh1 Rc2 36. Bxh3 Rxc5 37. Kg2 Rc2+ 38. Kf3 Rxa2 39. Bf1 a5 40. h4 a4 41. Bc4 Rb2 42. h5 a3 43. Nf5 Rxb6 44. Nxg7 Rc6 45. Ba2 Rc2 46. Be6 Rc6 47. f5 Rxe6 48. fxe6 a2 49. e7 a1Q 50. e8Q+ Kb7 51. Qf7+ Kb6 52. Qe6+ Kb7 53. Qe7+ Kb6 54. Nf5 Qd1+ 55. Qe2 Qd5+ 56. Kf4 Ka7 57. g4 Qh1 58. h6 Kb8 59. g5 1-0

[Event "Chigorin Memorial 26th"]
[Site "St Petersburg"]
[Date "2018.10.29"]
[Round "3"]
[White "Tencati, Giuseppe"]
[Black "Klevets, Ksenia"]
[Result "1-0"]
[WhiteElo "2095"]
[BlackElo "1834"]
[PlyCount "109"]
[EventDate "2018.10.27"]
[EventType "swiss"]
[EventRounds "9"]
[EventCountry "RUS"]
[SourceTitle "CBM 187 Extra"]
[Source "ChessBase"]
[SourceDate "2018.11.04"]
[SourceVersion "1"]
[SourceVersionDate "2018.11.04"]
[SourceQuality "1"]

1. e4 c5 2. Nf3 Nc6 3. d4 cxd4 4. Nxd4 g6 5. c4 Nf6 6. Nc3 Nxd4 7. Qxd4 d6 8. Be3 Bg7 9. Be2 0-0 10. Qd2 a5 11. Rd1 Bd7 12. b3 Bc6 13. f3 Nd7 14. 0-0 b6 15. Nd5 Bxd5 16. Qxd5 Nc5 17. Rb1 Qc7 18. Rfc1 Rfc8 19. g3 Qc6 20. Qd2 Ra7 21. Bf1 h5 22. Bh3 Rb8 23. Bf1 Kh7 24. Rd1 Qd7 25. Qd5 Qe6 26. h4 Qxd5 27. Rxd5 Bh6 28. Bf2 Bg7 29. Be2 Bf6 30. Kg2 Raa8 31. Be3 Na6 32. a3 Nc5 33. Kf2 Kg8 34. Rdd1 Kf8 35. Bc1 Rc8 36. Ke3 a4 37. b4 Nb3 38. Bb2 Bxb2 39. Rxb2 Rd8 40. f4 e5 41. Rd5 f6 42. Bd1 Nd4 43. c5 dxc5 44. bxc5 Rxd5 45. exd5 bxc5 46. fxe5 fxe5 47. Ke4 Re8 48. d6 Nb3 49. Bxb3 axb3 50. Rxb3 Kf7 51. Kd5 c4 52. Rf3+ Kg7 53. Kxc4 e4 54. Re3 Ra8 55. Kd4 1-0

[Event "Chigorin Memorial 26th"]
[Site "St Petersburg"]
[Date "2018.10.28"]
[Round "2"]
[White "Titievskaya, Elizaveta"]
[Black "Tencati, Giuseppe"]
[Result "0-1"]
[WhiteElo "1878"]
[BlackElo "2095"]
[PlyCount "172"]
[EventDate "2018.10.27"]
[EventType "swiss"]
[EventRounds "9"]
[EventCountry "RUS"]
[SourceTitle "CBM 187 Extra"]
[Source "ChessBase"]
[SourceDate "2018.11.04"]
[SourceVersion "1"]
[SourceVersionDate "2018.11.04"]
[SourceQuality "1"]

1. e4 e6 2. d4 d5 3. Nc3 Nf6 4. Bg5 Bb4 5. e5 h6 6. Bd2 Bxc3 7. Bxc3 Ne4 8. Bd3 Nxc3 9. bxc3 c5 10. f4 Nc6 11. Nf3 Qa5 12. Qd2 b6 13. Rd1 c4 14. Be2 Qxa2 15. 0-0 Qa3 16. Nh4 Qe7 17. Qe1 g6 18. Kh1 h5 19. Qg3 Bd7 20. Bf3 0-0-0 21. Be2 Kb7 22. Nf3 Ra8 23. Ra1 Rhb8 24. Nd2 b5 25. Rfb1 Kc7 26. Bf3 a5 27. h3 b4 28. f5 gxf5 29. Bxh5 Rg8 30. Qh2 Qg5 31. g4 fxg4 32. Bxg4 bxc3 33. Nf1 Rgb8 34. Qg3 Nxd4 35. Rxb8 Rxb8 36. Qxc3 Nc6 37. Re1 Qe7 38. Rd1 Qc5 39. Qf3 Nxe5 40. Qf4 Qd6 41. Be2 f5 42. Nd2 Nf7 43. Qd4 Qb6 44. Qg7 Nd6 45. Nf3 Qe3 46. Ne5 Qxh3+ 47. Kg1 Qe3+ 48. Kf1 Rd8 49. Ra1 Qc5 50. Qg3 Ne4 51. Qf4 Kc8 52. Rb1 Qc7 53. Qe3 Nd2+ 54. Qxd2 Qxe5 55. Qxa5 Qf4+ 56. Ke1 Bc6 57. Rb6 Qc7 58. Qc5 Kd7 59. Ra6 Ra8 60. Rxa8 Bxa8 61. Qf8 Qd8 62. Qc5 Bc6 63. Bh5 Qh4+ 64. Kd2 Qxh5 65. Qa7+ Ke8 66. Qb8+ Ke7 67. Qc7+ Bd7 68. Qc5+ Kf6 69. Qd4+ Kg6 70. Qa7 Qh2+ 71. Kc3 Qd6 72. Qg1+ Kf7 73. Qh1 Qe5+ 74. Kb4 Qd6+ 75. Kc3 d4+ 76. Kd2 Qf4+ 77. Kd1 Qg4+ 78. Kc1 c3 79. Kb1 Qe4 80. Qh7+ Ke8 81. Qg8+ Ke7 82. Qg7+ Kd8 83. Qf8+ Kc7 84. Qc5+ Qc6 85. Qe5+ Kb7 86. Qg7 Qb5+ 0-1

[Event "Porto Mannu op 10th"]
[Site "Porto Mannu"]
[Date "2018.06.02"]
[Round "3"]
[White "Tencati, Giuseppe"]
[Black "De Francesco, Klaus"]
[Result "1/2-1/2"]
[WhiteElo "2111"]
[BlackElo "2280"]
[PlyCount "58"]
[EventDate "2018.06.02"]
[EventType "swiss"]
[EventRounds "9"]
[EventCountry "ITA"]
[SourceTitle "CBM 184 Extra"]
[Source "ChessBase"]
[SourceDate "2018.06.28"]
[SourceVersion "1"]
[SourceVersionDate "2018.06.28"]
[SourceQuality "1"]

1. e4 e6 2. d4 d5 3. Nd2 Nf6 4. e5 Nfd7 5. Bd3 c5 6. c3 Nc6 7. Ne2 cxd4 8. cxd4 a5 9. 0-0 Nb6 10. f4 g6 11. Nf3 Bd7 12. Bd2 Nb4 13. Bxb4 axb4 14. Ne1 Nc4 15. Qc1 Rc8 16. Nc2 Qb6 17. b3 Na3 18. Qd2 Nxc2 19. Bxc2 Be7 20. Rfc1 0-0 21. Bd3 Bb5 22. Rxc8 Rxc8 23. Bxb5 Qxb5 24. Rc1 Rc6 25. Kf2 Qb6 26. Ke3 Qc7 27. Kd3 Bf8 28. g4 Qd8 29. g5 Qa5 1/2-1/2